000 00883nam a2200229 a 4500
001 64900
003 BD-RjUL
005 20211209081351.0
008 170223s1988 bg ||||| |||| 00| 0 eng d
035 _a(BD-RjUL)65030
040 _aBD-RjUL
_bben
_cBD-RjUL
_dBD-RjUL
041 _aben
082 _223
_a398.2092
_bTAF 1988
100 1 _aতালিব, মুহম্মাদ আবূ
_9192367
245 0 1 _aফকীর নেতা মজনু শাহ /
_c মুহম্মাদ আবূ তালিব
250 _a১ম সং
260 _aবাংলাদেশ :
_bইসলামিক ফাউন্ডেশন,
_c১৯৮৮ [১৪০৮].
300 _a১৩৩ পৃ. ;
_c২৩ সেমি.
600 _a শাহ, মজনু,
_d-১৭৮৭
_xজীবনী
_9192914
600 _aShah, Majnu
_d-1787
_xBiography
_9192915
942 _2ddc
_cBK
999 _c64900
_d64900